000 00669nam a2200217Ia 4500
005 20241129111118.0
008 241129s9999||||xx |||||||||||||| ||und||
020 _a978-0-8214-2490-2
037 _aTB
040 _aCRL
_beng
_cCRL
041 _aeng
_2eng
084 _aX:326 R3
_qCRL
100 _aDelanty Gerard Au.; Harris Neal Au.
_9723356
245 0 _aCapitalism and its critics: capitalism in social and political theory
_cDelanty Gerard Au.; Harris Neal Au.
260 _aLondon, UK
_bRoutledge
_c2023
300 _a210p.
365 _aUKP
_b32.99
650 _aEconomicsCapitalist
_9726299
942 _cTB
_hX:326 R3
999 _c1228979
_d1228979